| 000 | 01418cam a2200301 4500 | ||
|---|---|---|---|
| 001 | ABS63622 | ||
| 008 | 000000n2000 000 0 eng u | ||
| 035 | _a(Sirsi) u111633 | ||
| 100 | _aRedmond-Cooper, R. | ||
| 245 | _aLimitation of actions in art and antiquity claims Part II | ||
| 260 | _c2000 | ||
| 490 |
_aArt Antiquity and Law _v5(1) June 2000, 185-208(24) |
||
| 520 | _aDiscusses the limitation periods that are applicable to claims in the tort of conversion and in bailment. Concludes there are many inconsistencies in the English law of limitation periods, and reform is well overdue. Also looks at the law of other jurisdictions, which affect claims for the recovery of stolen chattels. Describes the controversy that has surrounded the drafting of the Unidroit Convention. Suggests that any form of international or European Union harmonisation is unlikely to be achieved in this area. (For part I of this article see v4(4) December 1999 p323-346). | ||
| 590 | _aABS | ||
| 650 | _aWORKS OF ART | ||
| 650 | _aENGLISH LAW | ||
| 650 | _aLIMITATION PERIODS | ||
| 650 | _aTORT OF CONVERSION | ||
| 650 | _aBAILMENT | ||
| 650 | _aCHATTELS | ||
| 650 | _aSTOLEN ART | ||
| 650 | _aSTOLEN ANTIQUES | ||
| 650 | _aCONVENTION ON STOLEN OR ILLEGALLY EXPORTED CULTURAL OBJECTS 1995 | ||
| 650 | _aEUROPEAN UNION | ||
| 650 | _aHARMONISATION | ||
| 690 |
_aArts and antiques _96217 |
||
| 942 | _n0 | ||
| 999 |
_c66519 _d66519 |
||